[Event "April 9 Late 2024"]
[Site "Chess.com"]
[Date "2024.04.09"]
[Round "8"]
[White "Wu, Derek"]
[Black "Ezat, Mohamed"]
[Result "0-1"]
[Board "60"]
[WhiteFideId "30914558"]
[BlackFideId "10600906"]
[WhiteTitle "FM"]
[BlackTitle "IM"]
[WhiteElo "2643"]
[BlackElo "2530"]
[WhiteTeam "USA"]
[BlackTeam "EGY"]
[WhiteClock "0:00:00"]
[BlackClock "0:00:27"]
[Variant "Standard"]

1. d4 {[%clk 0:03:00]}  Nf6 {[%clk 0:02:56]} 2. c4 {[%clk 0:03:00]}  g6 {[%clk 0:02:56]} 3. Nc3 {[%clk 0:03:00]}  Bg7 {[%clk 0:02:56]} 4. e4 {[%clk 0:02:58]}  d6 {[%clk 0:02:56]} 5. h3 {[%clk 0:02:58]}  O-O {[%clk 0:02:56]} 6. Be3 {[%clk 0:02:58]}  c5 {[%clk 0:02:52]} 7. Nf3 {[%clk 0:02:57]}  Nc6 {[%clk 0:02:49]} 8. Be2 {[%clk 0:02:56]}  cxd4 {[%clk 0:02:47]} 9. Nxd4 {[%clk 0:02:57]}  Bd7 {[%clk 0:02:47]} 10. O-O {[%clk 0:02:55]}  Rc8 {[%clk 0:02:46]} 11. Nc2 {[%clk 0:02:49]}  a6 {[%clk 0:02:42]} 12. Rc1 {[%clk 0:02:46]}  Qa5 {[%clk 0:02:38]} 13. Qd2 {[%clk 0:02:37]}  Ne5 {[%clk 0:02:28]} 14. b3 {[%clk 0:02:16]}  b5 {[%clk 0:02:24]} 15. Nd5 {[%clk 0:02:09]}  Qd8 {[%clk 0:02:23]} 16. Bb6 {[%clk 0:02:07]}  Qe8 {[%clk 0:02:23]} 17. cxb5 {[%clk 0:02:01]}  Bxb5 {[%clk 0:02:13]} 18. Bxb5 {[%clk 0:01:57]}  axb5 {[%clk 0:02:11]} 19. Nxf6+ {[%clk 0:01:47]}  Bxf6 {[%clk 0:02:10]} 20. Ne3 {[%clk 0:01:42]}  Qd7 {[%clk 0:02:04]} 21. Nd5 {[%clk 0:01:41]}  Bg7 {[%clk 0:02:03]} 22. Bd4 {[%clk 0:01:40]}  e6 {[%clk 0:01:44]} 23. Nb6 {[%clk 0:01:39]}  Qb7 {[%clk 0:01:38]} 24. Nxc8 {[%clk 0:01:39]}  Rxc8 {[%clk 0:01:38]} 25. Rxc8+ {[%clk 0:01:39]}  Qxc8 {[%clk 0:01:39]} 26. Rc1 {[%clk 0:01:38]}  Qb7 {[%clk 0:01:39]} 27. f4 {[%clk 0:01:32]}  Bh6 {[%clk 0:01:30]} 28. Bxe5 {[%clk 0:01:20]}  dxe5 {[%clk 0:01:30]} 29. Qd8+ {[%clk 0:01:21]}  Kg7 {[%clk 0:01:30]} 30. Rc8 {[%clk 0:01:20]}  Bxf4 {[%clk 0:01:28]} 31. Qf8+ {[%clk 0:00:56]}  Kf6 {[%clk 0:01:27]} 32. Qh8+ {[%clk 0:00:51]}  Kg5 {[%clk 0:01:26]} 33. Qd8+ {[%clk 0:00:45]}  Kh6 {[%clk 0:01:20]} 34. Rc7 {[%clk 0:00:40]}  Qxe4 {[%clk 0:01:09]} 35. Qf8+ {[%clk 0:00:27]}  Kh5 {[%clk 0:01:06]} 36. g4+ {[%clk 0:00:12]}  Kh4 {[%clk 0:01:02]} 37. Qxf7 {[%clk 0:00:07]}  Qe1+ {[%clk 0:00:56]} 38. Kg2 {[%clk 0:00:07]}  Qe2+ {[%clk 0:00:56]} 39. Kg1 {[%clk 0:00:08]}  Be3+ {[%clk 0:00:36]} 40. Kh1 {[%clk 0:00:08]}  Qe1+ {[%clk 0:00:35]} 41. Kg2 {[%clk 0:00:08]}  Qe2+ {[%clk 0:00:34]} 42. Kh1 {[%clk 0:00:00]}  Kg3 {[%clk 0:00:27]} 0-1

[Event "April 9 Late 2024"]
[Site "Chess.com"]
[Date "2024.04.09"]
[Round "8"]
[White "D`Arruda, Ricardo D."]
[Black "Barria Zuniga, Daniel"]
[Result "1-0"]
[Board "61"]
[WhiteFideId "100692"]
[BlackFideId "3400816"]
[WhiteTitle "FM"]
[BlackTitle "IM"]
[WhiteElo "2527"]
[BlackElo "2641"]
[WhiteTeam "ARG"]
[BlackTeam "CHI"]
[WhiteClock "0:00:20"]
[BlackClock "0:00:00"]
[Variant "Standard"]

1. Nf3 {[%clk 0:03:00]}  g6 {[%clk 0:02:58]} 2. d4 {[%clk 0:03:00]}  Bg7 {[%clk 0:02:58]} 3. e4 {[%clk 0:03:01]}  c5 {[%clk 0:02:55]} 4. c3 {[%clk 0:03:00]}  cxd4 {[%clk 0:02:55]} 5. cxd4 {[%clk 0:03:01]}  d5 {[%clk 0:02:55]} 6. exd5 {[%clk 0:03:00]}  Nf6 {[%clk 0:02:55]} 7. Nc3 {[%clk 0:03:00]}  Nxd5 {[%clk 0:02:55]} 8. Bc4 {[%clk 0:02:59]}  Nb6 {[%clk 0:02:53]} 9. Bb3 {[%clk 0:02:58]}  O-O {[%clk 0:02:54]} 10. O-O {[%clk 0:02:58]}  Nc6 {[%clk 0:02:55]} 11. Be3 {[%clk 0:02:58]}  Na5 {[%clk 0:02:52]} 12. Re1 {[%clk 0:02:47]}  Nxb3 {[%clk 0:02:52]} 13. Qxb3 {[%clk 0:02:46]}  Be6 {[%clk 0:02:52]} 14. Qc2 {[%clk 0:02:37]}  Rc8 {[%clk 0:02:51]} 15. Rac1 {[%clk 0:02:34]}  Nd5 {[%clk 0:02:44]} 16. Qd2 {[%clk 0:02:33]}  Nxc3 {[%clk 0:02:42]} 17. Rxc3 {[%clk 0:02:24]}  Bd5 {[%clk 0:02:32]} 18. Rxc8 {[%clk 0:02:20]}  Qxc8 {[%clk 0:02:31]} 19. Ne5 {[%clk 0:02:18]}  Rd8 {[%clk 0:02:26]} 20. Qa5 {[%clk 0:02:02]}  a6 {[%clk 0:01:59]} 21. h3 {[%clk 0:02:01]}  f6 {[%clk 0:01:46]} 22. Rc1 {[%clk 0:01:56]}  Qb8 {[%clk 0:01:45]} 23. Nd3 {[%clk 0:01:46]}  Kf7 {[%clk 0:01:09]} 24. Bf4 {[%clk 0:01:37]}  Qa8 {[%clk 0:01:01]} 25. Rc7 {[%clk 0:01:31]}  Bf8 {[%clk 0:00:50]} 26. f3 {[%clk 0:01:20]}  g5 {[%clk 0:00:39]} 27. Bg3 {[%clk 0:01:17]}  h6 {[%clk 0:00:39]} 28. Nc5 {[%clk 0:01:09]}  Kg8 {[%clk 0:00:31]} 29. Qb6 {[%clk 0:01:04]}  Rc8 {[%clk 0:00:20]} 30. Rd7 {[%clk 0:00:47]}  Bc6 {[%clk 0:00:17]} 31. d5 {[%clk 0:00:27]}  Bxd7 {[%clk 0:00:17]} 32. Nxd7 {[%clk 0:00:28]}  Rc1+ {[%clk 0:00:17]} 33. Kh2 {[%clk 0:00:28]}  Qc8 {[%clk 0:00:17]} 34. Qe6+ {[%clk 0:00:27]}  Kg7 {[%clk 0:00:16]} 35. d6 {[%clk 0:00:26]}  exd6 {[%clk 0:00:13]} 36. Qxf6+ {[%clk 0:00:25]}  Kg8 {[%clk 0:00:12]} 37. Qg6+ {[%clk 0:00:19]}  Kh8 {[%clk 0:00:00]} 38. Nf6 {[%clk 0:00:20]} 1-0

[Event "April 9 Late 2024"]
[Site "Chess.com"]
[Date "2024.04.09"]
[Round "8"]
[White "Ghimoyan, Narek"]
[Black "Shapiro, Viktor"]
[Result "1-0"]
[Board "62"]
[WhiteFideId "13315412"]
[BlackFideId "4175700"]
[WhiteTitle "CM"]
[BlackTitle "FM"]
[WhiteElo "2518"]
[BlackElo "2635"]
[WhiteTeam "ARM"]
[BlackTeam "RUS"]
[WhiteClock "0:00:26"]
[BlackClock "0:00:04"]
[Variant "Standard"]

1. d4 {[%clk 0:03:00]}  Nf6 {[%clk 0:03:00]} 2. c4 {[%clk 0:03:01]}  c5 {[%clk 0:03:00]} 3. d5 {[%clk 0:02:58]}  e6 {[%clk 0:03:00]} 4. Nc3 {[%clk 0:02:57]}  exd5 {[%clk 0:03:00]} 5. cxd5 {[%clk 0:02:58]}  d6 {[%clk 0:03:00]} 6. e4 {[%clk 0:02:59]}  g6 {[%clk 0:03:00]} 7. f4 {[%clk 0:02:42]}  Bg7 {[%clk 0:03:00]} 8. Bb5+ {[%clk 0:02:41]}  Nfd7 {[%clk 0:03:00]} 9. Be2 {[%clk 0:02:41]}  O-O {[%clk 0:03:00]} 10. Nf3 {[%clk 0:02:41]}  Re8 {[%clk 0:03:00]} 11. O-O {[%clk 0:02:40]}  Na6 {[%clk 0:02:57]} 12. Bd3 {[%clk 0:02:06]}  Nc7 {[%clk 0:02:53]} 13. a4 {[%clk 0:02:05]}  a6 {[%clk 0:02:52]} 14. Re1 {[%clk 0:02:02]}  Rb8 {[%clk 0:02:50]} 15. e5 {[%clk 0:01:58]}  dxe5 {[%clk 0:02:49]} 16. d6 {[%clk 0:01:58]}  Ne6 {[%clk 0:02:45]} 17. fxe5 {[%clk 0:01:57]}  Nd4 {[%clk 0:02:40]} 18. Bf4 {[%clk 0:01:54]}  Nxf3+ {[%clk 0:02:33]} 19. Qxf3 {[%clk 0:01:53]}  Bxe5 {[%clk 0:02:32]} 20. Nd5 {[%clk 0:01:46]}  b5 {[%clk 0:01:44]} 21. axb5 {[%clk 0:01:41]}  axb5 {[%clk 0:01:44]} 22. Ne7+ {[%clk 0:01:19]}  Rxe7 {[%clk 0:01:38]} 23. dxe7 {[%clk 0:01:18]}  Qxe7 {[%clk 0:01:38]} 24. Kh1 {[%clk 0:01:12]}  c4 {[%clk 0:01:37]} 25. Bc2 {[%clk 0:01:09]}  Bb7 {[%clk 0:01:30]} 26. Be4 {[%clk 0:01:09]}  Bxe4 {[%clk 0:01:22]} 27. Qxe4 {[%clk 0:00:59]}  Re8 {[%clk 0:01:06]} 28. Rad1 {[%clk 0:00:58]}  Qe6 {[%clk 0:00:20]} 29. g3 {[%clk 0:00:42]}  f6 {[%clk 0:00:18]} 30. Rd5 {[%clk 0:00:38]}  g5 {[%clk 0:00:11]} 31. Bxe5 {[%clk 0:00:35]}  Nxe5 {[%clk 0:00:11]} 32. Rxb5 {[%clk 0:00:35]}  Qd7 {[%clk 0:00:10]} 33. Qd5+ {[%clk 0:00:34]}  Qxd5+ {[%clk 0:00:09]} 34. Rxd5 {[%clk 0:00:35]}  Kf7 {[%clk 0:00:09]} 35. Re2 {[%clk 0:00:33]}  Rb8 {[%clk 0:00:10]} 36. Rdd2 {[%clk 0:00:29]}  Kg6 {[%clk 0:00:10]} 37. Kg2 {[%clk 0:00:29]}  Rb3 {[%clk 0:00:10]} 38. Rd6 {[%clk 0:00:28]}  g4 {[%clk 0:00:09]} 39. Rxe5 {[%clk 0:00:27]}  Rxb2+ {[%clk 0:00:09]} 40. Kf1 {[%clk 0:00:27]}  c3 {[%clk 0:00:08]} 41. Rc5 {[%clk 0:00:26]}  c2 {[%clk 0:00:06]} 42. Rdc6 {[%clk 0:00:26]}  Rb1+ {[%clk 0:00:06]} 43. Kg2 {[%clk 0:00:26]}  Rb2 {[%clk 0:00:04]} 44. Rxc2 {[%clk 0:00:26]} 1-0

[Event "April 9 Late 2024"]
[Site "Chess.com"]
[Date "2024.04.09"]
[Round "8"]
[White "Dmitrenko, Viktor"]
[Black "Bobadilla Viera, Jorge Samuel"]
[Result "0-1"]
[Board "65"]
[WhiteFideId "14110270"]
[BlackFideId "3906353"]
[WhiteTitle "IM"]
[BlackTitle "IM"]
[WhiteElo "2474"]
[BlackElo "2622"]
[WhiteTeam "UKR"]
[BlackTeam "VEN"]
[WhiteClock "0:00:08"]
[BlackClock "0:01:10"]
[Variant "Standard"]

1. b3 {[%clk 0:03:00]}  Nf6 {[%clk 0:02:51]} 2. Bb2 {[%clk 0:02:59]}  g6 {[%clk 0:02:52]} 3. Bxf6 {[%clk 0:02:58]}  exf6 {[%clk 0:02:52]} 4. c4 {[%clk 0:02:59]}  Bg7 {[%clk 0:02:52]} 5. Nc3 {[%clk 0:02:58]}  O-O {[%clk 0:02:52]} 6. Rc1 {[%clk 0:02:54]}  Nc6 {[%clk 0:02:52]} 7. g3 {[%clk 0:02:53]}  Re8 {[%clk 0:02:48]} 8. Bg2 {[%clk 0:02:51]}  d6 {[%clk 0:02:46]} 9. d3 {[%clk 0:02:46]}  Bd7 {[%clk 0:02:39]} 10. e3 {[%clk 0:02:38]}  a6 {[%clk 0:02:35]} 11. Nge2 {[%clk 0:02:36]}  f5 {[%clk 0:02:32]} 12. O-O {[%clk 0:02:34]}  Rb8 {[%clk 0:02:32]} 13. Nd5 {[%clk 0:02:27]}  Ne5 {[%clk 0:02:26]} 14. d4 {[%clk 0:02:10]}  Ng4 {[%clk 0:02:26]} 15. h3 {[%clk 0:02:08]}  Nf6 {[%clk 0:02:26]} 16. Nef4 {[%clk 0:01:58]}  Ne4 {[%clk 0:02:26]} 17. Nc3 {[%clk 0:01:36]}  c6 {[%clk 0:02:23]} 18. Nxe4 {[%clk 0:01:33]}  fxe4 {[%clk 0:02:22]} 19. b4 {[%clk 0:01:18]}  a5 {[%clk 0:02:13]} 20. a3 {[%clk 0:01:16]}  axb4 {[%clk 0:02:13]} 21. axb4 {[%clk 0:01:17]}  Ra8 {[%clk 0:02:13]} 22. Qb3 {[%clk 0:01:16]}  Qb6 {[%clk 0:02:02]} 23. Rb1 {[%clk 0:01:09]}  Qa7 {[%clk 0:01:59]} 24. c5 {[%clk 0:01:04]}  d5 {[%clk 0:01:52]} 25. b5 {[%clk 0:01:02]}  Qa2 {[%clk 0:01:44]} 26. bxc6 {[%clk 0:00:54]}  Qxb3 {[%clk 0:01:39]} 27. Rxb3 {[%clk 0:00:53]}  Bxc6 {[%clk 0:01:38]} 28. Rfb1 {[%clk 0:00:53]}  Ra2 {[%clk 0:01:37]} 29. Bf1 {[%clk 0:00:51]}  Bh6 {[%clk 0:01:34]} 30. Ne2 {[%clk 0:00:47]}  Rea8 {[%clk 0:01:29]} 31. Nc3 {[%clk 0:00:46]}  Rc2 {[%clk 0:01:30]} 32. Bb5 {[%clk 0:00:24]}  Bg5 {[%clk 0:01:17]} 33. R1b2 {[%clk 0:00:15]}  Ra1+ {[%clk 0:01:15]} 34. Rb1 {[%clk 0:00:08]}  Rxc3 {[%clk 0:01:10]} 0-1

[Event "April 9 Late 2024"]
[Site "Chess.com"]
[Date "2024.04.09"]
[Round "8"]
[White "Silva Lucena, Cristian"]
[Black "Perea Fruet, Lorenzo"]
[Result "1-0"]
[Board "66"]
[WhiteFideId "2232588"]
[BlackFideId "24595870"]
[WhiteTitle "FM"]
[BlackTitle "FM"]
[WhiteElo "2514"]
[BlackElo "2722"]
[WhiteTeam "ESP"]
[BlackTeam "ESP"]
[WhiteClock "0:00:28"]
[BlackClock "0:00:02"]
[Variant "Standard"]

1. Nf3 {[%clk 0:02:59]}  b6 {[%clk 0:02:34]} 2. e4 {[%clk 0:02:58]}  Bb7 {[%clk 0:02:30]} 3. Nc3 {[%clk 0:02:58]}  e6 {[%clk 0:02:25]} 4. d4 {[%clk 0:02:59]}  Bb4 {[%clk 0:02:15]} 5. Bd3 {[%clk 0:02:56]}  Nf6 {[%clk 0:02:15]} 6. e5 {[%clk 0:02:49]}  Ne4 {[%clk 0:02:16]} 7. O-O {[%clk 0:02:41]}  Nxc3 {[%clk 0:02:15]} 8. bxc3 {[%clk 0:02:40]}  Bxc3 {[%clk 0:02:16]} 9. Rb1 {[%clk 0:02:41]}  Nc6 {[%clk 0:02:16]} 10. Be4 {[%clk 0:02:37]}  d5 {[%clk 0:01:59]} 11. exd6 {[%clk 0:02:29]}  cxd6 {[%clk 0:01:54]} 12. Qd3 {[%clk 0:02:27]}  Ba5 {[%clk 0:01:54]} 13. d5 {[%clk 0:02:24]}  exd5 {[%clk 0:01:40]} 14. Bxd5 {[%clk 0:02:20]}  O-O {[%clk 0:01:38]} 15. Ng5 {[%clk 0:01:51]}  g6 {[%clk 0:01:38]} 16. Nxh7 {[%clk 0:01:35]}  Kxh7 {[%clk 0:01:27]} 17. Qh3+ {[%clk 0:01:35]}  Kg8 {[%clk 0:01:23]} 18. Bb2 {[%clk 0:01:33]}  Ne5 {[%clk 0:01:20]} 19. Bxb7 {[%clk 0:01:33]}  Rb8 {[%clk 0:01:20]} 20. Bd5 {[%clk 0:01:33]}  Qc8 {[%clk 0:01:08]} 21. Qh6 {[%clk 0:01:20]}  Qf5 {[%clk 0:00:59]} 22. f4 {[%clk 0:01:15]}  Bd2 {[%clk 0:00:45]} 23. Qh4 {[%clk 0:01:01]}  Qxc2 {[%clk 0:00:36]} 24. Kh1 {[%clk 0:00:39]}  Qc5 {[%clk 0:00:08]} 25. Bb3 {[%clk 0:00:38]}  Bc3 {[%clk 0:00:08]} 26. Bxc3 {[%clk 0:00:37]}  Qxc3 {[%clk 0:00:09]} 27. fxe5 {[%clk 0:00:37]}  dxe5 {[%clk 0:00:08]} 28. Qf6 {[%clk 0:00:29]}  Kh7 {[%clk 0:00:04]} 29. Rf2 {[%clk 0:00:29]}  Qd3 {[%clk 0:00:02]} 30. Rbf1 {[%clk 0:00:28]}  Rb7 {[%clk 0:00:02]} 31. Rf3 {[%clk 0:00:28]}  Qe4 {[%clk 0:00:02]} 32. Rh3+ {[%clk 0:00:28]} 1-0

[Event "April 9 Late 2024"]
[Site "Chess.com"]
[Date "2024.04.09"]
[Round "8"]
[White "Danila Poliannikov"]
[Black "Lin, Bryan Enming"]
[Result "0-1"]
[Board "67"]
[WhiteFideId "30935245"]
[BlackFideId "30987121"]
[WhiteTitle "FM"]
[WhiteElo "2513"]
[BlackElo "2685"]
[WhiteTeam "USA"]
[BlackTeam "USA"]
[WhiteClock "0:00:01"]
[BlackClock "0:00:29"]
[Variant "Standard"]

1. e4 {[%clk 0:03:00]}  e5 {[%clk 0:02:58]} 2. Nf3 {[%clk 0:03:01]}  Nc6 {[%clk 0:02:57]} 3. Bb5 {[%clk 0:03:01]}  a6 {[%clk 0:02:57]} 4. Ba4 {[%clk 0:03:01]}  Nf6 {[%clk 0:02:58]} 5. O-O {[%clk 0:03:01]}  Be7 {[%clk 0:02:58]} 6. Re1 {[%clk 0:03:01]}  b5 {[%clk 0:02:58]} 7. Bb3 {[%clk 0:03:02]}  d6 {[%clk 0:02:59]} 8. c3 {[%clk 0:03:02]}  O-O {[%clk 0:03:00]} 9. h3 {[%clk 0:03:02]}  a5 {[%clk 0:03:00]} 10. d4 {[%clk 0:02:58]}  Bd7 {[%clk 0:02:58]} 11. a4 {[%clk 0:02:55]}  bxa4 {[%clk 0:02:58]} 12. Bxa4 {[%clk 0:02:52]}  exd4 {[%clk 0:02:59]} 13. cxd4 {[%clk 0:02:52]}  Nb4 {[%clk 0:02:59]} 14. Nc3 {[%clk 0:02:52]}  Bxa4 {[%clk 0:02:56]} 15. Rxa4 {[%clk 0:02:50]}  d5 {[%clk 0:02:57]} 16. e5 {[%clk 0:02:44]}  Ne8 {[%clk 0:02:53]} 17. Be3 {[%clk 0:02:35]}  c6 {[%clk 0:02:52]} 18. Qd2 {[%clk 0:02:30]}  Nc7 {[%clk 0:02:51]} 19. Rea1 {[%clk 0:02:30]}  Ne6 {[%clk 0:02:49]} 20. Ne2 {[%clk 0:02:07]}  Qb6 {[%clk 0:02:34]} 21. Nf4 {[%clk 0:02:01]}  Nxf4 {[%clk 0:02:33]} 22. Bxf4 {[%clk 0:02:01]}  c5 {[%clk 0:02:33]} 23. dxc5 {[%clk 0:01:43]}  Bxc5 {[%clk 0:02:34]} 24. Be3 {[%clk 0:01:29]}  Bxe3 {[%clk 0:01:59]} 25. Qxe3 {[%clk 0:01:30]}  Qxe3 {[%clk 0:01:59]} 26. fxe3 {[%clk 0:01:31]}  Nc6 {[%clk 0:01:52]} 27. Nd4 {[%clk 0:01:23]}  Nxe5 {[%clk 0:01:48]} 28. Rxa5 {[%clk 0:01:23]}  Rad8 {[%clk 0:01:38]} 29. b3 {[%clk 0:01:15]}  Rfe8 {[%clk 0:01:36]} 30. Kf2 {[%clk 0:01:03]}  g6 {[%clk 0:01:30]} 31. Rb5 {[%clk 0:00:56]}  Rd7 {[%clk 0:01:15]} 32. Raa5 {[%clk 0:00:52]}  Rde7 {[%clk 0:01:09]} 33. Rxd5 {[%clk 0:00:44]}  Nd3+ {[%clk 0:01:09]} 34. Kg1 {[%clk 0:00:40]}  Rxe3 {[%clk 0:01:09]} 35. Nf3 {[%clk 0:00:34]}  Nf4 {[%clk 0:01:06]} 36. Re5 {[%clk 0:00:26]}  R8xe5 {[%clk 0:01:01]} 37. Rxe5 {[%clk 0:00:27]}  Rxb3 {[%clk 0:01:01]} 38. Kh2 {[%clk 0:00:26]}  Rb2 {[%clk 0:00:59]} 39. Ne1 {[%clk 0:00:25]}  Re2 {[%clk 0:00:58]} 40. Rxe2 {[%clk 0:00:24]}  Nxe2 {[%clk 0:00:59]} 41. g3 {[%clk 0:00:23]}  Kg7 {[%clk 0:00:59]} 42. Kg2 {[%clk 0:00:23]}  Nd4 {[%clk 0:00:59]} 43. Kf2 {[%clk 0:00:23]}  h5 {[%clk 0:00:58]} 44. Nd3 {[%clk 0:00:23]}  Ne6 {[%clk 0:00:58]} 45. Kf3 {[%clk 0:00:23]}  Kf6 {[%clk 0:00:56]} 46. Nf2 {[%clk 0:00:19]}  Ke5 {[%clk 0:00:53]} 47. Nd3+ {[%clk 0:00:19]}  Kd4 {[%clk 0:00:54]} 48. Nf2 {[%clk 0:00:18]}  f6 {[%clk 0:00:46]} 49. g4 {[%clk 0:00:18]}  h4 {[%clk 0:00:46]} 50. Nd1 {[%clk 0:00:09]}  Ng5+ {[%clk 0:00:46]} 51. Kg2 {[%clk 0:00:09]}  Ne4 {[%clk 0:00:47]} 52. Kf3 {[%clk 0:00:08]}  Ng5+ {[%clk 0:00:47]} 53. Kg2 {[%clk 0:00:08]}  f5 {[%clk 0:00:46]} 54. gxf5 {[%clk 0:00:05]}  gxf5 {[%clk 0:00:47]} 55. Nf2 {[%clk 0:00:02]}  Ne4 {[%clk 0:00:43]} 56. Nd1 {[%clk 0:00:01]}  Nd2 {[%clk 0:00:35]} 57. Kf2 {[%clk 0:00:01]}  Ke5 {[%clk 0:00:30]} 58. Ke2 {[%clk 0:00:02]}  Ne4 {[%clk 0:00:30]} 59. Kf3 {[%clk 0:00:03]}  Ng5+ {[%clk 0:00:30]} 60. Kg2 {[%clk 0:00:03]}  f4 {[%clk 0:00:30]} 61. Nf2 {[%clk 0:00:03]}  f3+ {[%clk 0:00:31]} 62. Kf1 {[%clk 0:00:04]}  Kf4 {[%clk 0:00:32]} 63. Kg1 {[%clk 0:00:03]}  Kg3 {[%clk 0:00:30]} 64. Kf1 {[%clk 0:00:02]}  Nxh3 {[%clk 0:00:30]} 65. Ne4+ {[%clk 0:00:02]}  Kf4 {[%clk 0:00:30]} 66. Nf6 {[%clk 0:00:03]}  Ng5 {[%clk 0:00:28]} 67. Kf2 {[%clk 0:00:01]}  Ne4+ {[%clk 0:00:29]} 0-1

[Event "April 9 Late 2024"]
[Site "Chess.com"]
[Date "2024.04.09"]
[Round "8"]
[White "Gurevich, Dmitry"]
[Black "Reprintsev, Alexander"]
[Result "1/2-1/2"]
[Board "69"]
[WhiteFideId "2000407"]
[BlackFideId "14100541"]
[WhiteTitle "GM"]
[BlackTitle "IM"]
[WhiteElo "2612"]
[BlackElo "2485"]
[WhiteTeam "USA"]
[BlackTeam "UKR"]
[WhiteClock "0:00:02"]
[BlackClock "0:00:24"]
[Variant "Standard"]

1. d4 {[%clk 0:03:00]}  d5 {[%clk 0:02:55]} 2. c4 {[%clk 0:03:00]}  e5 {[%clk 0:02:55]} 3. dxe5 {[%clk 0:03:00]}  d4 {[%clk 0:02:55]} 4. Nf3 {[%clk 0:03:00]}  Nc6 {[%clk 0:02:54]} 5. a3 {[%clk 0:02:59]}  g6 {[%clk 0:02:53]} 6. b4 {[%clk 0:02:58]}  Bg7 {[%clk 0:02:53]} 7. Bb2 {[%clk 0:02:58]}  Nh6 {[%clk 0:02:50]} 8. Nxd4 {[%clk 0:02:53]}  Bxe5 {[%clk 0:02:49]} 9. e3 {[%clk 0:02:27]}  Nf5 {[%clk 0:02:49]} 10. Nxc6 {[%clk 0:02:05]}  Qxd1+ {[%clk 0:02:46]} 11. Kxd1 {[%clk 0:02:05]}  Bxb2 {[%clk 0:02:46]} 12. Ra2 {[%clk 0:02:06]}  Bf6 {[%clk 0:02:45]} 13. Na5 {[%clk 0:02:02]}  b6 {[%clk 0:02:42]} 14. Nb3 {[%clk 0:01:58]}  Bb7 {[%clk 0:02:42]} 15. Rd2 {[%clk 0:01:56]}  Nh4 {[%clk 0:02:35]} 16. Rg1 {[%clk 0:01:47]}  O-O {[%clk 0:02:34]} 17. f3 {[%clk 0:01:40]}  Nf5 {[%clk 0:02:30]} 18. e4 {[%clk 0:01:37]}  Ne3+ {[%clk 0:02:20]} 19. Ke1 {[%clk 0:01:27]}  a5 {[%clk 0:02:11]} 20. b5 {[%clk 0:01:22]}  a4 {[%clk 0:02:10]} 21. Nc1 {[%clk 0:01:15]}  Bg5 {[%clk 0:01:54]} 22. Nd3 {[%clk 0:00:43]}  Nxf1 {[%clk 0:01:52]} 23. Rxf1 {[%clk 0:00:41]}  Bxd2+ {[%clk 0:01:52]} 24. Kxd2 {[%clk 0:00:39]}  c6 {[%clk 0:01:45]} 25. bxc6 {[%clk 0:00:37]}  Bxc6 {[%clk 0:01:44]} 26. Nc3 {[%clk 0:00:35]}  Rfd8 {[%clk 0:01:40]} 27. Rb1 {[%clk 0:00:33]}  Rab8 {[%clk 0:01:32]} 28. Rb4 {[%clk 0:00:28]}  f5 {[%clk 0:01:30]} 29. Ke3 {[%clk 0:00:24]}  fxe4 {[%clk 0:01:29]} 30. fxe4 {[%clk 0:00:24]}  Rd6 {[%clk 0:01:23]} 31. Nd5 {[%clk 0:00:20]}  Re6 {[%clk 0:01:12]} 32. Kd4 {[%clk 0:00:19]}  Kf7 {[%clk 0:01:04]} 33. N3f4 {[%clk 0:00:19]}  Ree8 {[%clk 0:01:03]} 34. e5 {[%clk 0:00:18]}  Bd7 {[%clk 0:01:00]} 35. Nxb6 {[%clk 0:00:16]}  Be6 {[%clk 0:00:57]} 36. Nxa4 {[%clk 0:00:15]}  Rxb4 {[%clk 0:00:55]} 37. axb4 {[%clk 0:00:15]}  Ra8 {[%clk 0:00:54]} 38. Nc5 {[%clk 0:00:13]}  Bf5 {[%clk 0:00:54]} 39. h3 {[%clk 0:00:12]}  h5 {[%clk 0:00:53]} 40. e6+ {[%clk 0:00:10]}  Ke7 {[%clk 0:00:51]} 41. Nd5+ {[%clk 0:00:10]}  Kd6 {[%clk 0:00:51]} 42. e7 {[%clk 0:00:09]}  g5 {[%clk 0:00:49]} 43. Nb7+ {[%clk 0:00:07]}  Kd7 {[%clk 0:00:48]} 44. Nc5+ {[%clk 0:00:06]}  Kd6 {[%clk 0:00:48]} 45. Nb7+ {[%clk 0:00:05]}  Kc6 {[%clk 0:00:48]} 46. Nd8+ {[%clk 0:00:04]}  Kd7 {[%clk 0:00:48]} 47. Ke5 {[%clk 0:00:03]}  Bd3 {[%clk 0:00:47]} 48. Ne6 {[%clk 0:00:02]}  Bxc4 {[%clk 0:00:45]} 49. Nc5+ {[%clk 0:00:03]}  Kc6 {[%clk 0:00:45]} 50. Nf6 {[%clk 0:00:01]}  Bf7 {[%clk 0:00:43]} 51. g4 {[%clk 0:00:02]}  hxg4 {[%clk 0:00:42]} 52. hxg4 {[%clk 0:00:01]}  Kb5 {[%clk 0:00:42]} 53. Kf5 {[%clk 0:00:02]}  Kxb4 {[%clk 0:00:41]} 54. Ncd7 {[%clk 0:00:02]}  Ra5+ {[%clk 0:00:41]} 55. Ne5 {[%clk 0:00:03]}  Kc3 {[%clk 0:00:39]} 56. Kxg5 {[%clk 0:00:03]}  Rxe5+ {[%clk 0:00:38]} 57. Kf4 {[%clk 0:00:03]}  Rxe7 {[%clk 0:00:38]} 58. g5 {[%clk 0:00:03]}  Ra7 {[%clk 0:00:37]} 59. Kf5 {[%clk 0:00:03]}  Ra5+ {[%clk 0:00:37]} 60. Kf4 {[%clk 0:00:03]}  Bg6 {[%clk 0:00:37]} 61. Nd7 {[%clk 0:00:02]}  Kd3 {[%clk 0:00:35]} 62. Ne5+ {[%clk 0:00:01]}  Rxe5 {[%clk 0:00:27]} 63. Kxe5 {[%clk 0:00:01]}  Be4 {[%clk 0:00:26]} 64. Kf6 {[%clk 0:00:02]}  Ke3 {[%clk 0:00:24]} 65. g6 {[%clk 0:00:02]}  Bd5 {[%clk 0:00:24]} 66. g7 {[%clk 0:00:02]}  Bg8 {[%clk 0:00:24]} 67. Ke7 {[%clk 0:00:02]}  Kf4 {[%clk 0:00:24]} 68. Kf8 {[%clk 0:00:02]}  Bd5 {[%clk 0:00:24]} 69. g8=N {[%clk 0:00:02]} 1/2-1/2